000 00957nam a22002537a 4500
005 20240530110626.0
008 170104s2015 ua h g b 000 0 ara d
017 _a21121/2014
_bمصر. دار الكتب
020 _a9789773192075
040 _aEG-CaGPL
_cEG-CaGPL
082 0 4 _221
_a371.33\
_bش ت
100 0 _aشريف الاتربى
245 1 2 _aالتعليم الالكترونى و الخدمات المعلوماتية /
_cشريف الاتربى
250 _aط. 1
260 _aالقاهرة :
_bالعربى للنشر و التوزيع ،
_c2015.
300 _a230 ص. :
_bصور ؛
_c24 سم.
504 _aيشتمل على ارجاعات ببليوجرافية
650 0 7 _2qrmak
_aالوسائل التعليمية
650 0 7 _2qrmak
_aالتعليم
_xاغراضة و اهدافة
650 0 7 _2qrmak
_xالتخطيط التربوى
651 _2qrmak
942 _2ddc
_cBK
999 _c63160
_d63160